|
|
|
|
| LEADER |
00763cam a2200205 7i4500 |
| 001 |
0000043745 |
| 005 |
20230718090000.0 |
| 020 |
|
|
|a 9789795188261 (pbk.)
|
| 090 |
0 |
0 |
|a LB2832.4.I5
|b S87 2008
|
| 100 |
0 |
|
|a Sunarto
|
| 245 |
1 |
0 |
|a Perkembangan peserta didik
|c Prof. Dr. H. Sunarto, Dra. Ny. B. Agung Hartono.
|
| 260 |
|
|
|a Jakarta:
|b Rineka Cipta,
|c 2008.
|
| 300 |
|
|
|a ix, 245 p.;
|c 21 cm.
|
| 650 |
0 |
0 |
|a Teachers --
|x Social conditions --
|z Indonesia
|
| 650 |
0 |
0 |
|a Teachers --
|x Attitudes --
|z Indonesia
|
| 700 |
1 |
|
|a Hartono, Agung NY
|
| 997 |
|
|
|a Centre for Graduate Studies
|
| 997 |
|
|
|a Education & Social Sciences, Faculty
|b Early Chilhood Studies, Department
|
| 998 |
|
|
|a Preschool Education, Diploma
|
| 999 |
|
|
|a 0000051781
|b BOK
|c OPEN SHELF
|e 1st Floor, Bestari Jaya
|